| 000 | 00379nam a2200145 4500 | ||
|---|---|---|---|
| 999 |
_c745 _d745 |
||
| 008 | 191209b ||||| |||| 00| 0 eng d | ||
| 082 | 0 | 0 |
_a623.8 _bS514 |
| 100 |
_aSeward, Herbert Lee. _9275 |
||
| 245 | 1 | 0 |
_aMarine Engineering _cby Herbert Lee Seward |
| 260 |
_aNew York _bSNAME _c1944 |
||
| 300 | _aix, 642 p. | ||
| 490 | 0 | _vVol II | |
| 650 | 0 | _aMarine Engineering | |
| 942 |
_2ddc _cBK |
||